000 00798nam a2200241 i 4500
001 bg
100 1 _aSTRYSZOWSKI, Stanisław
245 1 0 _aMateriałoznawstwo elektryczne /
_cStanisław Stryszowski.
250 _aWyd. 3.
260 _aKielce :
_bWydaw. PŚ,
_c1999.
300 _a130, [3] s. :
_brys., wykr. ;
_c24 cm.
490 1 _aSkrypty / [Politechnika Świętokrzyska],
_x0239-6386 ;
_v345
500 _aU góry s. tyt. odmienna nazwa serii : Skrypt.
504 _aBibliogr. s. 129, wykaz norm s. 129-130.
650 9 _aElektrotechnika
_xmateriały
655 _aPodręczniki akademickie
830 0 _aSkrypty ([Politechnika Świętokrzyska]) ;
_v345
040 _cBPK
041 0 _apl
080 _a621.3::620.2(075.8)
942 _cKS
008 s pl f |000 0 pol
999 _c37751
_d37751
856 _uhttp://koha.tu.koszalin.pl/cgi-bin/koha/opac-detail.pl?biblionumber=37751
_yKatalog online BPK